Language Quiz

Random Language or Blitz Quiz

4x4 Word Blitz Quiz Stats

 Plays Quiz Updated Aug 13, 2020

Support Sporcle.
Go Orange.
Score 0/16 Timer 01:30
2 Plays Today
% Correct
slat
96.8%
seal
93.9%
team
91.2%
sale
87%
diet
85.3%
last
83.2%
meat
82.7%
salt
81.7%
% Correct
tame
75.4%
mate
73.5%
ales
70.4%
edit
66%
lase
59.4%
tied
58.5%
dite
55.5%
alts
48%

You're not logged in!

Compare scores with friends on all Sporcle quizzes.
OR
Log In
Forgot?

From the Vault

Vince McMahon's WWE PPV Opponents

by Government_Agent

Sports 5m
If the boss wants to wrestle, he gets to wrestle.
Remove Ads.
Support Sporcle.
Get the best of Sporcle when you Go Orange. This ad-free experience offers more features, more stats, and more fun while also helping to support Sporcle. Thank you for becoming a member.

Show Comments

Extras

Top Quizzes Today


Score Distribution

Your Account Isn't Verified!

In order to create a playlist on Sporcle, you need to verify the email address you used during registration. Go to your Sporcle Settings to finish the process.

Report this User

Report this user for behavior that violates our Community Guidelines.

Details: